000 00550nam a2200193Ia 4500
005 20250508153441.0
008 008 250505s9999 xx 000 0 eng d
037 _aTextual
040 _aFEDL
_beng
_cFEDL
041 _aeng
_2eng
084 _a370.97283, UNI
_qFEDL
100 _aThompson M Weldon
_9764047
245 0 _aEducation in honduras
260 _aWashington, USA
_bU.S. Government Printing Office
_c1955
300 _avi,33p.
650 _aEducation
942 _cTEXL
_h370.97283, UNI
999 _c1342966
_d1342966